000 00571nam a2200193Ia 4500
003 OSt
005 20230418144735.0
008 210423s2008 xx 000 0 und d
040 _cAL
041 _aeng
082 _a658 SHES
100 _aSHERLEKAR ( S A);SHERLEKAR (V S).
_978973
245 _aModern business organisation and management: systems approach.
260 _aMumbai
_bHimalaya Publishing House
_c2008
300 _axxiv,9.64
365 _b335
_cINR
906 _aapproach. ; business ; management: ; Modern ; organisation ; systems
942 _2ddc
_cBK
999 _c155135
_d155135